| 000 | 00366nam a2200145Ia 4500 | ||
|---|---|---|---|
| 001 | 3326 | ||
| 008 | 241024s9999 xx 000 0 und d | ||
| 020 | _a978-9945-8835-0-3 | ||
| 082 | _aRD/972.9/B742b | ||
| 100 | _aJuan Bosch | ||
| 245 | 0 | _aBreve história de los pueblos árabes | |
| 260 |
_bSoto Castillo _c2012 |
||
| 901 | _a8/10/2013 8:44:55 p.m. | ||
| 999 |
_c7615 _d7615 |
||